Diaspora-South Africa - Statistics

General Stats
  • This quiz has been taken 152 times
  • The average score is 19 of 26
Answer Stats
Continent Country % Correct
Oceania Australia
98%
Europe United Kingdom
97%
North America United States of America
97%
North America Canada
94%
Europe France
94%
Europe Germany
91%
Europe Spain
90%
Europe the Netherlands
88%
Oceania New Zealand
86%
South America Brazil
84%
Europe Belgium
83%
Africa Namibia
79%
Europe Portugal
79%
Europe Ireland
77%
Europe Sweden
77%
Europe Norway
75%
Europe Denmark
72%
Europe Switzerland
71%
Europe Austria
70%
Europe Greece
66%
Europe Finland
65%
Africa Zambia
55%
Africa Swaziland
44%
Asia Qatar
23%
Europe Cyprus
15%
Africa Malawi
10%
No matching quizzes found
Score Distribution
Percent of People with Each Score
Percentile by Number Answered
Your Score History
You have not taken this quiz